Перейти до змісту
Ayesha Abed Library
Мова
English
Deutsch
Español
Français
Italiano
日本語
Nederlands
Português
Português (Brasil)
中文(简体)
中文(繁體)
Türkçe
עברית
Gaeilge
Cymraeg
Ελληνικά
Català
Euskara
Русский
Čeština
Suomi
Svenska
polski
Dansk
slovenščina
اللغة العربية
বাংলা
Galego
Tiếng Việt
Hrvatski
हिंदी
Հայերէն
Українська
Всі поля
Назва
Автор
Предмет
Шифр
ISBN/ISSN
Тег
Знайти
Розширений
The Mongols: A Very Short Intr...
Цитувати
Відправити е-поштою
Друк
Експортувати запис
Екпортувати в RefWorks
Екпортувати в EndNoteWeb
Екпортувати в EndNote
Екпортувати в MARC
Екпортувати в MARCXML
Екпортувати в BibTeX
Постійне посилання
The Mongols: A Very Short Introduction
Бібліографічні деталі
Автор:
Morris Rossabi
Формат:
Невідомо
Примірники
Опис
Схожі ресурси
Службовий вигляд
LEADER
00197 a2200085 4500
020
|a
9780199840892
100
|a
Morris Rossabi
|9
60344
245
|a
The Mongols: A Very Short Introduction
942
|c
BK
999
|c
47742
|d
47742
Схожі ресурси
The Mongols
за авторством: May
Revolutions: A Very Short Introduction
за авторством: Jack A. Goldstone
Documentary Film: A Very Short Introduction
за авторством: Patricia Aufderheide
Опубліковано: (2007)
The Origins of the Lost Fleet of the Mongol Empire
за авторством: Sasaki
Now, Brac makes Mars rover ‘Mongol Tori’
за авторством: The Daily Star
Опубліковано: (2017)